| 000 | 00536nam a22002177a 4500 | ||
|---|---|---|---|
| 003 | UA-OsUOA | ||
| 001 | 35982 | ||
| 007 | ta | ||
| 008 | 20060703b un ||||| |||| 00| 0 ukr d | ||
| 090 |
_a030 _bШ37 |
||
| 942 | _cBK | ||
| 040 |
_aUA-OsUOA _bukr _cUA-OsUOA _dUA-OsUOA |
||
| 245 |
_aШевченківський словник _bТ. 2 _cМол - Я |
||
| 300 | _a408 с. | ||
| 955 | _a1 | ||
| 041 | _aukr | ||
| 080 | _a030 | ||
| 260 |
_aК. _c1977 |
||
| 650 | 7 |
_a030 Загальні довідкові праці _2UDC |
|
| 999 |
_c424322 _d424322 |
||